000 00492nab a2200145Ia 4500
003 ES-SlBCS
005 20210601125234.0
008 140529s1975 xxu||||| |||| 00| 0 eng d
041 _aeng
100 1 _aMontague, Phillip
_9132856
245 0 0 _aOn the Relation of Natural Properties to Normative and Evaluative Properties
_c Phillip Montague
650 0 4 _aPropiedad Natural
_9155822
773 0 _tPhilosophy and Phenomenological Research
_gvol. 35, 1975, págs. 341-351
_wRev1411
942 _cAR
999 _c527043
_d527043